Normal view MARC view
  • Ministry of defence

Entry Personal Name

Number of records used in: 6

001 - CONTROL NUMBER

  • control field: 42152

003 - CONTROL NUMBER IDENTIFIER

  • control field: NUST

005 - DATE AND TIME OF LATEST TRANSACTION

  • control field: 20210314132223.0

008 - FIXED-LENGTH DATA ELEMENTS

  • fixed length control field: 210314|| aca||aabn | a|a d

040 ## - CATALOGING SOURCE

  • Original cataloging agency: NUST
  • Transcribing agency: NUST

100 ## - HEADING--PERSONAL NAME

  • Personal name: Ministry of defence

670 ## - SOURCE DATA FOUND

  • Source citation: Work cat.: (NUST): Ministry of defence, Detailed project analysis for construction, 1991
© 2023 Central Library, National University of Sciences and Technology. All Rights Reserved.